000 00645nab a2200205 a 4500
005 20210219155121.0
008 991125s1985 mx 000 0 spa u
035 _aUPN01000138876
100 1 _aAvila Meléndez, Luis Arturo
222 _aETHOS EDUCATIVO
245 _a¿ Alguien más quiere participar ? : análisis pragmático de la interacción verbal en el aula
260 _aMorelia, México
300 _a151-162
362 0 _a2004 2a época, año 11, no. 30, may.-ago.
653 0 _aPRACTICA DOCENTE
653 0 _aEDUCACION BILINGÜE
653 0 _aHUAUTLA DE JIMENEZ, OAXACA
653 0 _aLENGUA INDIGENA
905 _aArticulo
999 _c111024
_d111024